00983cam a2200241 a 450000100100000000500170001000800410002704000300006808200250009810000450012324500790016825000320024726000690027930000280034849000110037650400410038765100470042865100690047583000180054491000330056295201290059599900170072400001924520200929165947.0780526s1955 ag 000 0 spa  aDO-SdBNPbspacDLCdBNPHU a989.203bS211e, 19551 aSánchez Quell, Hipolito,d1907-94141410aEstructura y función del Paraguay colonial. /cHipolito Sánchez Quell. a[3. ed., corr. y aumentada] aBuenos Aires, (Argentina) :bEditorial Guillermo Kraft,c[1955]. a240 p. :bmap ;c21 cm.1 aCupula aIncluye referencias bibliográficas 4aParaguayxHistoriaxColonialy1811.941415 4aParaguayxHistoriaxDescubrimiento Y Conquistay1537-1811941416 0aCupula941417 aCatalogación derivada / LC 001054708MOaGRbGRcCTd2010-05-28iLF1l0o989.203 S211e, 1955p19245-10r2020-06-25w2020-06-25y4ZPréstamo en sala c18763d18763